000 01049pam a2200289 i 4500
001 1289309
003 OSt
005 20230626093420.0
008 770210s1977 ctu b 001 0 eng
010 _a 76015304
020 _a0837190320 :
_c$14.95
040 _aDLC
_cDLC
_dDLC
043 _an-us---
050 0 0 _aHD6095
_b.C54
082 0 0 _a331.4/0973
245 0 0 _aClass, sex, and the woman worker /
_cedited by Milton Cantor and Bruce Laurie ; introd. by Caroline F. Ware ; contributors, Miriam Cohen ... [et al.].
260 _aWestport, Conn. :
_bGreenwood Press,
_c1977.
300 _aviii, 253 p. ;
_c22 cm.
440 0 _aContributions in labor history ;
_vno. 1
504 _aIncludes bibliographical references and index.
650 0 _aWomen
_xEmployment
_zUnited States
_xHistory.
700 1 _aCantor, Milton.
700 1 _aLaurie, Bruce.
856 4 2 _3Contributor biographical information
_uhttp://www.loc.gov/catdir/enhancements/fy1601/76015304-b.html
906 _a7
_bcbc
_corignew
_d1
_eocip
_f19
_gy-gencatlg
942 _2ddc
_cBK
999 _c2632
_d2632